000 00330nam a2200097Ia 4500
008 171204s9999 xx 000 0 und d
245 _aControlling Capital : Public and Private Regulation of Financial Markets:
260 _c2016
650 _xCAPITAL AND SECURITIES MARKET
856 _uhttp://down.ebook777.com/044/9781138943124.pdf
999 _c345682
_d345682